000 00852nam a22002417i 4500
999 _c23507
_d23507
003 AR-CdUCM
008 260127b20222022 pe||||| |||| 00| 0 spa d
020 _a978-612-48854-0-2
040 _aMUNICIPALIDAD PROVINCIAL DEL CUSCO
_cBIBLIOTECA MUNICIPAL DEL CUSCO
041 _hspa
082 _aES / 158.1
_bP12
100 _aPacha Apaza, Rossini Dante
_952281
245 _aME GUSTA - El ¿Para que? y no el ¿Por que? /
260 _aLa Molina-Lima-Perú :
_bAlmandino Editores
_c2022
300 _a78 páginas. :
_c21x15 cm.
505 _aSuperhéroes de verdad -- Como funciona tu mente -- Historias que inspiran -- Una nueva mirada a la muerte
650 _aSi lo puedes soñar
_952282
650 _aLeyes de la sabiduría
_952283
650 _aIra
_938067
650 _aResilencia
_952284
942 _2ddc
_cLIBROS
945 _apbjr
_d27-01-2026